Paušálnu daň si uplatnilo len necelé percento živnostníkov

Nová vláda nepriniesla zlepšenie podmienok na podnikanie pre malých a stredných podnikateľov. Problematika okolo paušálnej dane situáciu nezlepšila. Žiadna vláda nevytvorila systémové kroky, ktoré by zlepšili postavenie malých a stredných podnikateľov. Nekvalita a protirečivosť zákonov.

Guardado en:
Detalles Bibliográficos
Autor principal: Oujezdská, Lena
Formato: Capítulo de libro
Lenguaje:eslovaco
Materias:
Etiquetas: Agregar Etiqueta
Sin Etiquetas, Sea el primero en etiquetar este registro!

MARC

LEADER 00000naa a2200000 4500
001 r037576
005 20230921105416.4
041 0 |a slo 
044 |a SK 
245 1 0 |a Paušálnu daň si uplatnilo len necelé percento živnostníkov  |c Lena Oujezdská 
520 |a Nová vláda nepriniesla zlepšenie podmienok na podnikanie pre malých a stredných podnikateľov. Problematika okolo paušálnej dane situáciu nezlepšila. Žiadna vláda nevytvorila systémové kroky, ktoré by zlepšili postavenie malých a stredných podnikateľov. Nekvalita a protirečivosť zákonov. 
610 2 0 |a podnikanie malé 
610 2 0 |a podnikanie stredné 
610 2 0 |a živnostníci 
610 2 0 |a dane paušálne 
610 2 0 |a legislatíva 
610 2 0 |a zákony 
610 2 0 |a Slovensko 
100 1 |a Oujezdská, Lena